000 00444nam a2200145Ia 4500
008 151015s9999 xx 000 0 und d
020 _a803608721
050 _aRM 170 .P48 2001
245 _aPhillips Lynn Dianne
250 _a_Manual of I.V.therapeautics.-3rd ed. Lynn Dianne Phillips
300 _aPhiladelphia F.A Davis company 2001
500 _aIncludes index.
650 _a_I.V. therapeutics
700 _a^d20130523 11:57:36^oanne
999 _c4731
_d4731